Un ramillete, una carta, y varias equivocaciones (Record no. 162917)

MARC details
000 -LEADER
campo de control de longitud fija 00726nam a22001695i 4500
001 - NÚMERO DE CONTROL
campo de control 162917
003 - IDENTIFICADOR DE NÚMERO DE CONTROL
campo de control ES-MaACL
005 - FECHA Y HORA DE LA ÚLTIMA TRANSACCIÓN
campo de control 20230906212629.0
008 - DATOS DE LONGITUD FIJA--INFORMACIÓN GENERAL
campo de control de longitud fija 000203s1839 sp |||| | spa d
040 ## - FUENTE DE CATALOGACIÓN
Centro catalogador/agencia de origen CAM
Lengua de catalogación spa
Centro/agencia transcriptor CAM
245 03 - MENCIÓN DEL TÍTULO
Título Un ramillete, una carta, y varias equivocaciones
Resto del título : comedia en dos actos /
Mención de responsabilidad, etc. traducida del francés por Nicolás Lombía.
260 ## - PUBLICACIÓN, DISTRIBUCIÓN, ETC.
Lugar de publicación, distribución, etc. Madrid :
Nombre del editor, distribuidor, etc. [s.n.],
Fecha de publicación, distribución, etc. 1839 (
Fabricante Imprenta de José María Repullés)
300 ## - DESCRIPCIÓN FÍSICA
Extensión 48 p. ;
Dimensiones 17 cm.
700 1# - ENTRADA AGREGADA--NOMBRE PERSONAL
Nombre de persona Lombía, Nicolás.
9 (RLIN) 129045
852 ## - LOCALIZACIÓN
Ubicación ES-MaACL
Número de control de estantería F-8624(13)
Nota libre -- Enc. pasta española
condición física -- Falto de la cub. original
Nota libre -- Enc. en un vol. facticio formando parte de la col. facticia "Teatro español moderno", vol. 79
Holdings
Estatus retirado Estado de pérdida Estado de daño No para préstamo Colección Biblioteca de origen Biblioteca actual Ubicación en estantería Fecha de adquisición Total de préstamos Signatura topográfica completa Código de barras Visto por última vez Precio de reemplazo Tipo de ítem Koha
        Libros del s. XIX Biblioteca del Ateneo de Madrid Biblioteca del Ateneo de Madrid Sala Pecera Planta 2 17/01/2008   F-8624(13) 1170697 23/02/2023 23/02/2023 Libro impreso antiguo